000 00695cam a22002413a 4500
001 1027
003 PGUSA
005 20140828082956.0
008 970801s1997||||xxu|||||s|||||000 1 eng d
040 _aPGUSA
_beng
042 _adc
050 4 _aPS
100 1 _aGrey, Zane,
_d1872-1939
245 1 4 _aThe Lone Star Ranger :
_bA Romance of the Border
_h[electronic resource] /
_cZane Grey
260 _bProject Gutenberg,
_c1997
506 _aPublic domain in the USA.
516 _aElectronic text
653 _aWestern stories
653 _aMexican-American Border Region -- Fiction
830 0 _aProject Gutenberg
_v1027
856 4 0 _uhttp://www.gutenberg.org/ebooks/1027
942 _cEB
999 _c230378
_d230378